Provinciae Romanae in charta - Statistics

General Stats
  • This quiz has been taken 949 times
  • The average score is 21 of 47
Answers on the Map
Answers color-coded by a green-red scale on the quiz's map according to % correct below.
 
Answer Stats
Urbs Provincia % Correct
Roma Italia
90%
Carales Sardinia et Corsica
75%
Syracusae Sicilia
73%
Carthago Africa
67%
Londinium Britannia
65%
Colonia Germania Inferior
63%
Mogontiacum Germania Superior
63%
Caesarea Marítima Judea
63%
Gortyn Creta et Cyrenaica
62%
Antioch Syria
62%
Paphos Cyprus
60%
Ulpia Traiana Dacia
59%
Thessalonica Macedonia
59%
Ephesus Asia
55%
Artashat Armenia
54%
Salona Dalmatia
54%
Emerita Augusta Lusitania
51%
Petra Arabia Petraea
50%
Babylon Mesopotamia
50%
Heraclea Perinthus Thracia
49%
Nicomedia Bithynia et Pontus
47%
Alexandria Aegyptus
46%
Buthrotum Epirus
44%
Durocortorum Gallia Belgica
44%
Burdigala Gallia Aquitania
39%
Narbo Gallia Narbonensis
39%
Aquincum Pannonia Inferior
38%
Carnuntum Pannonia Superior
38%
Caesarea Cappadocia
37%
Caesarea Mauretania Caesariensis
34%
Tingis Mauretania Tingitana
34%
Ctesiphon Assyria
31%
Tarsus Cilicia
31%
Corinthus Achaea
30%
Augusta Vindelicorum Raetia
30%
Tarraco Hispania Tarraconensis
29%
Tomis Moesia Inferior
28%
Naissus Moesia Superior
28%
Ancyra Galatia
27%
Lugdunum Gallia Lugdunensis
27%
Claudius Virunum Noricum
27%
Corduba Hispania Baetica
25%
Attalia Lycia et Pamphylia
21%
Panticapaeum Regnum Bosporanum
21%
Cemenelum Alpes Maritimae
20%
Segusio Alpes Cottiae
15%
Octodurum Alpes Poeninae
7%
No matching quizzes found
Score Distribution
Percent of People with Each Score
Percentile by Number Answered
Your Score History
You have not taken this quiz